Campus: methode de francais 1

Saved in:
Bibliographic Details
Main Author: GIRARDET, Jacky Pecheur, Jacques
Format: Book
Language:English
Published: CLE international 2002
Tags: Add Tag
No Tags, Be the first to tag this record!

MARC

LEADER 00000nam a22000007a 4500
008 230928b |||||||| |||| 00| 0 eng d
020 |a 9782090333084 
100 |a GIRARDET, Jacky  |a Pecheur, Jacques 
245 |a Campus:  |b methode de francais 1  |c / Jacky Girardet, Jacques Pecheur  |g 205p. 
250 |b nouv ed. 
260 |b CLE international  |c 2002  |h Paris  |i 673902  |l PC2112.G311  |m French language  |m French language - Study and teaching  |m French language - Grammar  |m french language - Verb 
500 |a "it is accompanied with a pamphlet titled Livret de civilisation 1" 
942 |a lcc  |c BK  |e A.R.Akinniyi  |f 28:9:2023 
952 |0 0  |1 0  |2 lcc  |4 0  |6 PC2112 G311  |7 0  |9 4507  |a HOL  |b HOL  |c LP  |d 2023-09-28  |l 0  |o PC2112.G311  |p 2023-0427  |r 2023-09-28 00:00:00  |t 673902  |w 2023-09-28  |y BK 
999 |c 2255  |d 2255